000 00672nam a2200205Ia 4500
001 14920
003 GE_BSU
008 181216s||||||||xx |||||||||||||| ||und||
040 _cGE_BSU
080 _a517.54
100 _aБицадзе,А.В.
245 _aОсновы теории аналитических функции комплексного переменного
245 _cРед.Е.Д.Соломенко
260 _aМосква
260 _bНаука
260 _c1969
300 _a239стр.20см.
653 _aОсновы теории аналитических функции комплексного переменного
942 _cBK
999 _c48040
_d48040